000 00953nam a2200253Ia 4500
999 _c3699
_d3699
003 OSt
005 20200623133432.0
008 191128s1986 ck gr 000 0 spa d
020 _a9586280306
040 _aCO-JMCR
_cCO-JMCR
041 0 _aspa
082 0 4 _a330.153 /
_bT294t
_223
100 1 _aTenjo Galarza, Fernando,
_eautor
_95988
245 3 _aLa teoría neo-ricardiana del comercio y su evaluación crítica /
_cTenjo Galarza, Fernando
250 _a1a edición
260 _aBogotá :
_bUniversidad Nacional de Colombia,
_c1986.
300 _a71 Páginas ;
_c23 cm.
500 _aBibliografía: páginas 69-71.
505 0 _aProposiciones básicas de neo-ricardinismo -- Evaluación del neo-ricardinismo -- Teoría del neo-ricardinismo -- Evaluación de la teoría neoricardiana del comercio
650 1 4 _aEconomía
_v(Teorías)
_95989
650 2 4 _a Economía
_zColombia
_95990
650 2 4 _aComercio exterior
_94820
942 _2ddc
_cBK